| 000 | 004150000a22001570004500 | ||
|---|---|---|---|
| 041 | 0 | _aENG | |
| 082 | 0 | 4 | _aG 266.0092 E2611d |
| 245 | 1 | 0 | _aThe life and diary of David Brainerd / Jonathan Edwards, Editor |
| 260 | _aChicago, ILL., USA : Moody | ||
| 300 | _a256 Pag | ||
| 001 | 7598 | ||
| 942 | _cBK | ||
| 999 |
_c37805 _d37805 |
||
| 336 |
_atexto _btxt _2rdacontent |
||
| 337 |
_2rdamedia _asin mediación _bn |
||
| 338 |
_2rdacarrier _avolumen _bnc |
||